000 00646nam a2200229Ia 4500
003 OSt
005 20220927104753.0
006 a|||||r|||| 00| 0
007 ta
008 220926b |||||||| |||| 00| 0 eng d
024 _a151146
037 _cReference Collections
040 _aRTL
_cRTL
_beng
041 _2eng
_aeng
082 _a"V2:1941,WDS, K2"
110 _a"INDIA , LOK SABHA,PUBLIC ACCOUNTS (Committe)"
_9367181
245 0 _a4th Report
260 _c1962
700 _a"INDIA , LOK SABHA,PUBLIC ACCOUNTS (Committe)"
_9367182
942 _h"V2:1941,WDS, K2"
_cCC
999 _c688589
_d688589